banner-ar

اساسيات و تقنيات صحافة الفيديو / (Record no. 62363)

MARC details
000 -الفاتح
حقل البيانات ثابتة الطول 00690nam a22001817a 4500
005 - وقت وتاريخ اخر تعامل مع التسجيلة
رقم الضبط 20240530110546.0
008 - عناصر البيانات ثابتة الطول - معلومات عامة
حقل البيانات ثابتة الطول 160530s2014 ua a g 000 0 ara d
017 ## - رقم الايداع القانونى
رقم الايداع القانونى 2013/35355
المصدر ( الهيئة المختصة) مصر .دار الكتب المصرية
040 ## - مصدر الفهرسة
وكالة الفهرسة الأصلية EG-CaGPL
082 04 - رقم تصنيف ديوى العشرى
رقم الطبعة 21
رقم التصنيف 070.449/
رقم المادة ح أ
100 0# - المدخل الرئيسى - إسم شخصى
الإسم الشخصى حسنين شفيق .
245 10 - بيان العنوان
العنوان اساسيات و تقنيات صحافة الفيديو /
بيان المسئوليه,etc تاليف حسنين شفيق .
260 ## - PUBLICATION, DISTRIBUTION, ETC. (IMPRINT)
تاريخ النشر أو التوزيع 2013 .
300 ## - الوصف المادى
التعداد 341 ص ؛
أبعاد الوعاء 24 سم .
650 04 - المدخل الاضافى بالموضوع-مصطلح موضوعى
مصطلح موضوعي صحافة الفيديو .
942 ## - عناصر المدخل الإضافي( كوها)
مصدر التصنيف او مخطط الترفيف Dewey Decimal Classification
Koha [default] item type كتاب
260 ## - PUBLICATION, DISTRIBUTION, ETC. (IMPRINT)
-- القاهرة :
-- دار فكر و فن للطباعة و النشر و التوزيع ،
Holdings
حالة التراجع حالة الفقد حالة تلف ليس للاعارة المكان المؤقت الموقع الحالى تاريخ الاكتساب اجمالي اﻻعارات رقم الطلب الباركود تاريخ اخر مشاهدة تاريخ تفعيل السعر نوع وعاء كوها
        مكتبة القاهرة الكبرى مكتبة القاهرة الكبرى 05/30/2016   070.449/ ح أ 162055 05/30/2016 05/30/2016 كتاب

Powered By

EGPV